Finančné výkazníctvo a vyplývajúce povinnosti v roku 2025
Záverečná časť seriálu o finančnom výkazníctve sa zameriava na podrobný rozbor štruktúry a obsahu výkazov Fin 4-04, Fin 5-04 a Fin 6-04. Článok upozorňuje na legislatívne zmeny, ktoré ovplyvňujú vykazovanie záväzkov a ponúka praktické usmernenie pre subjekty verejnej správy pri ich zostavovaní. Súča...
Enregistré dans:
| Auteur principal: | |
|---|---|
| Format: | Chapitre de livre |
| Langue: | slovaque |
| Sujets: | |
| Tags: |
Pas de tags, Soyez le premier à ajouter un tag!
|
MARC
| LEADER | 00000naa a2200000 4500 | ||
|---|---|---|---|
| 001 | 0312450 | ||
| 005 | 20250925104635.7 | ||
| 041 | 0 | |a slo | |
| 044 | |a SK | ||
| 245 | 1 | 0 | |a Finančné výkazníctvo a vyplývajúce povinnosti v roku 2025 |c Tatiana Macháčová |
| 520 | |a Záverečná časť seriálu o finančnom výkazníctve sa zameriava na podrobný rozbor štruktúry a obsahu výkazov Fin 4-04, Fin 5-04 a Fin 6-04. Článok upozorňuje na legislatívne zmeny, ktoré ovplyvňujú vykazovanie záväzkov a ponúka praktické usmernenie pre subjekty verejnej správy pri ich zostavovaní. Súčasťou je aj prehľad kontrolných mechanizmov zabezpečujúcich správnosť údajov. | ||
| 610 | 2 | 0 | |a výkazy finančné |
| 610 | 2 | 0 | |a kontrola |
| 610 | 2 | 0 | |a obchod |
| 610 | 2 | 0 | |a zmluvy |
| 610 | 2 | 0 | |a záväzky |
| 610 | 2 | 0 | |a veritelia |
| 610 | 2 | 0 | |a úver |
| 610 | 2 | 0 | |a úrok |
| 100 | 1 | |a Macháčová, Tatiana | |